Five novels : (Record no. 99)

MARC details
000 -LEADER
fixed length control field 01767cam a2200433 a 4500
001 - CONTROL NUMBER
control field 15518368
005 - DATE AND TIME OF LATEST TRANSACTION
control field 20200421093819.0
008 - FIXED-LENGTH DATA ELEMENTS--GENERAL INFORMATION
fixed length control field 081112s2007 nyu 000 1 eng
010 ## - LIBRARY OF CONGRESS CONTROL NUMBER
LC control number 2008300881
020 ## - INTERNATIONAL STANDARD BOOK NUMBER
International Standard Book Number 9780760793459
020 ## - INTERNATIONAL STANDARD BOOK NUMBER
International Standard Book Number 076079345X
040 ## - CATALOGING SOURCE
Original cataloging agency DLC
Transcribing agency DLC
Modifying agency DLC
041 1# - LANGUAGE CODE
Language code of text/sound track or separate title eng
Language code of original fre
050 00 - LIBRARY OF CONGRESS CALL NUMBER
Classification number PQ2246
Item number .A235 2007
082 00 - DEWEY DECIMAL CLASSIFICATION NUMBER
Classification number 843/.8
Edition information 22
100 1# - MAIN ENTRY--PERSONAL NAME
Personal name Flaubert, Gustave,
Dates associated with a name 1821-1880.
9 (RLIN) 241
240 10 - UNIFORM TITLE
Uniform title Novels.
Language of a work English.
Form subheading Selections.
245 10 - TITLE STATEMENT
Title Five novels :
Remainder of title complete and unabridged /
Statement of responsibility, etc. Gustave Flaubert.
246 3# - VARYING FORM OF TITLE
Title proper/short title Gustave Flaubert, five novels
260 ## - PUBLICATION, DISTRIBUTION, ETC.
Place of publication, distribution, etc. New York :
Name of publisher, distributor, etc. Barnes & Noble,
Date of publication, distribution, etc. c2007.
300 ## - PHYSICAL DESCRIPTION
Extent xii, 1246 p. ;
Dimensions 26 cm.
490 0# - SERIES STATEMENT
Series statement Library of essential writers
505 0# - FORMATTED CONTENTS NOTE
Formatted contents note Madame Bovary -- Salammbo -- Sentimental education -- Temptation of Saint Anthony -- Bouvard and Pecuchet.
600 10 - SUBJECT ADDED ENTRY--PERSONAL NAME
Personal name Flaubert, Gustave,
Dates associated with a name 1821-1880
Form subdivision Translations into English.
9 (RLIN) 735
650 #0 - SUBJECT ADDED ENTRY--TOPICAL TERM
Topical term or geographic name entry element French fiction
Chronological subdivision 19th century
Form subdivision Translations into English.
9 (RLIN) 736
700 12 - ADDED ENTRY--PERSONAL NAME
Personal name Flaubert, Gustave,
Dates associated with a name 1821-1880.
Title of a work Madame Bovary.
Language of a work English
9 (RLIN) 242
700 12 - ADDED ENTRY--PERSONAL NAME
Personal name Flaubert, Gustave,
Dates associated with a name 1821-1880.
Title of a work SalammbĂ´.
Language of a work English.
9 (RLIN) 737
700 12 - ADDED ENTRY--PERSONAL NAME
Personal name Flaubert, Gustave,
Dates associated with a name 1821-1880.
Title of a work Education sentimentale.
Language of a work English
9 (RLIN) 243
700 12 - ADDED ENTRY--PERSONAL NAME
Personal name Flaubert, Gustave,
Dates associated with a name 1821-1880.
Title of a work Tentation de saint Antoine.
Language of a work English
9 (RLIN) 244
700 12 - ADDED ENTRY--PERSONAL NAME
Personal name Flaubert, Gustave,
Dates associated with a name 1821-1880.
Title of a work Bouvard et Pécuchet.
Language of a work English
9 (RLIN) 738
740 02 - ADDED ENTRY--UNCONTROLLED RELATED/ANALYTICAL TITLE
Uncontrolled related/analytical title Madame Bovary.
740 02 - ADDED ENTRY--UNCONTROLLED RELATED/ANALYTICAL TITLE
Uncontrolled related/analytical title Salammbo.
740 02 - ADDED ENTRY--UNCONTROLLED RELATED/ANALYTICAL TITLE
Uncontrolled related/analytical title Sentimental education.
740 02 - ADDED ENTRY--UNCONTROLLED RELATED/ANALYTICAL TITLE
Uncontrolled related/analytical title Temptation of Saint Anthony.
740 02 - ADDED ENTRY--UNCONTROLLED RELATED/ANALYTICAL TITLE
Uncontrolled related/analytical title Bouvard and Pecuchet.
906 ## - LOCAL DATA ELEMENT F, LDF (RLIN)
a 7
b cbc
c orignew
d 2
e ncip
f 20
g y-gencatlg
942 ## - ADDED ENTRY ELEMENTS (KOHA)
Source of classification or shelving scheme Dewey Decimal Classification
Koha item type Books
Holdings
Withdrawn status Lost status Damaged status Not for loan Collection Home library Current library Shelving location Date acquired Barcode Date last seen Price effective from Koha item type
        Reference Fairview Fairview General stacks 09/04/2014 39999000004113 09/04/2014 09/04/2014 Books
        Reference Midway Midway General stacks 09/04/2014 39999000004090 09/04/2014 09/04/2014 Books